=LDR 00000nam 2200000 4500 =001 INLIS000000000006081 =005 20251031111305 =035 ##$$a 0010-1025001136 =007 ta =008 251031################f##########0#ind## =082 ##$$a 304.66 =084 ##$$a 304.66 KAN i =245 1#$$a Indikator Kualitas Penduduk Hasil Kelompok Kerja Pembakuan Indikator Kualitas Penduduk /$c Kantor Menteri Negara Kependudukan/Badan Koordinasi Keluarga Berencana Nasional (BKKBN) =260 ##$$a Jakarta :$b Kantor Menteri Negara Kependudukan/Badan Koordinasi Keluarga Berencana Nasional (BKKBN),$c 1998 =300 ##$$a vii, 18 hlm. : $b ilus. =650 #4$$a Kependudukan =650 #4$$a BKKBN =110 2#$$a Kantor Menteri Negara Kependudukan/Badan Koordinasi Keluarga Berencana Nasional (BKKBN)